|
|
|
|
| LEADER |
00000nam a2200000 a 4500 |
| 001 |
vtls001115416 |
| 003 |
SK-MaSNL |
| 005 |
20260413115238.0 |
| 008 |
250414s1979 xo 0 slo |
| 015 |
|
|
|a SNBA1979
|
| 035 |
|
|
|a SNK000058259
|
| 040 |
|
|
|a SNK
|b slo
|c SNK
|e AACR2
|
| 041 |
0 |
|
|a slo
|
| 044 |
|
|
|a xo
|c SK
|
| 080 |
|
|
|a 885.4-3
|2 1981
|
| 100 |
1 |
|
|a Andruška, Peter,
|d 1943-2024
|4 aut
|9 92598
|
| 245 |
1 |
0 |
|a Za horami je môj domov
|c Peter Andruška ; Adela Jakabová
|
| 250 |
|
|
|a 1. vyd.
|
| 260 |
|
|
|a Bratislava
|b Pravda
|c 1979
|e Žilina
|f Pravda
|
| 300 |
|
|
|a 184 s., 10,14 AH
|c 21 cm
|
| 366 |
|
|
|e 5000 výtl.
|
| 500 |
|
|
|a Ilustr. na front. a predsádkach.
|
| 700 |
1 |
|
|a Jakabová, Adela,
|d 1945-
|4 bkd
|9 37010
|
| 852 |
|
|
|a Slovenská národná knižnica
|
| 954 |
|
|
|a Slovensko
|a vojna svetová 1939-1945
|a SNP 1944
|a partizáni slovenskí
|
| 954 |
|
|
|a láska
|
| 958 |
|
|
|a OND
|
| 958 |
|
|
|a LX
|
| 958 |
|
|
|a TL
|
| 999 |
|
|
|c 589759
|d 591689
|
| 952 |
|
|
|t P60, <04>, [BOOK], {604}
|a SNK
|b SNK
|y VYP
|7 0
|p 17A0029062
|o snkSC 46112 D1
|0 0
|1 0
|4 0
|d 1997-01-02
|l 0
|r 2004-12-31 00:00:00
|w 2026-02-23
|
| 952 |
|
|
|a SNK
|b SNK
|y PREZ
|7 0
|p 17A0792245
|o snkSC 46112
|0 0
|1 0
|4 0
|d 2012-07-31
|l 0
|r 2025-10-27 00:00:00
|w 2026-02-23
|
| 952 |
|
|
|a SNKLM
|b SNKLM
|y NEVYP
|7 0
|o snklmMK 1438
|i snklm327/79
|8 3
|0 0
|1 0
|4 0
|d 2005-07-28
|l 0
|r 2026-02-23 15:20:54
|w 2026-02-23
|